Szent Rita, könyörögj érettünk!
Uložené v:
| Médium: | Kniha |
|---|---|
| Jazyk: | Hungarian |
| Vydané: |
Bratislava :
Glória - Spolok maďarských katolíckych duchovných,
2001
|
| Vydanie: | 1. vyd. |
| Edícia: | Glória füzetek
1. |
| Témy: | |
| ISBN: |
8088959039 (brož.) |
| Fyzický popis: |
39 s. |
| Tagy: |
Pridať tag
Žiadne tagy, Buďte prvý kto otaguje tento záznam!
|
Titul je dostupný aj v ... 

MARC
| LEADER | 00000nam a2200000 a 4500 | ||
|---|---|---|---|
| 001 | 000089621 | ||
| 003 | SVKK | ||
| 005 | 20020301000000.0 | ||
| 008 | 020130s2001 xo e huno | ||
| 020 | |a 8088959039 (brož.) | ||
| 040 | |a SVKKK |b slo |c SVKKK |e AACR2 | ||
| 041 | 0 | |a hun | |
| 044 | |a xo |c SK | ||
| 080 | |a 929 Rita z Cascie, sv. |2 1997 | ||
| 080 | |a 235.3(450) |2 1997 | ||
| 080 | |a 243 |2 1997 | ||
| 245 | 0 | 0 | |a Szent Rita, könyörögj érettünk! |
| 250 | |a 1. vyd. | ||
| 260 | |a Bratislava : |b Glória - Spolok maďarských katolíckych duchovných, |c 2001 | ||
| 300 | |a 39 s. | ||
| 440 | 0 | |a Glória füzetek |v 1. | |
| 653 | 0 | |a Rita z Kassie, sv., 1381-1457 |2 SVKKKPH | |
| 653 | 0 | |a svätci |2 SVKKKPH | |
| 653 | 0 | |a modlitby |2 SVKKKPH | |
| 653 | 0 | |a životopisy |2 SVKKKPH | |
| 655 | 7 | |a príručky |2 SVKKKPH | |
| 910 | |a svkkk | ||
| 919 | |a 80-88959-03-9 | ||
| 974 | |a UH |d 20020228 | ||
| 974 | |a KL |d 20020225 | ||
| 974 | |a MI |d 20020301 | ||
| 998 | |a BK | ||
| 090 | |g SCKHL |k Sklad Hlavná 10 prízemie |a I.71268 |j 944331 |i 2720404268 |s Absenčne | ||